Library Banner

Rope sport: (Record no. 90424)

MARC details
000 -LEADER
fixed length control field 00482nam a22001817a 4500
005 - DATE AND TIME OF LATEST TRANSACTION
control field 20241003122700.0
008 - FIXED-LENGTH DATA ELEMENTS--GENERAL INFORMATION
fixed length control field 170124b xxu||||| |||| 00| 0 eng d
020 ## - INTERNATIONAL STANDARD BOOK NUMBER
International Standard Book Number 9780470036310
040 ## - CATALOGING SOURCE
Transcribing agency PK-LaUMT
082 ## - DEWEY DECIMAL CLASSIFICATION NUMBER
Classification number 613.710284
Item number WIN-R
100 ## - MAIN ENTRY--PERSONAL NAME
Personal name Winkler, Martin
245 ## - TITLE STATEMENT
Title Rope sport:
Remainder of title the ultimate jump rope workout/
Statement of responsibility, etc Martin Winkler
260 ## - PUBLICATION, DISTRIBUTION, ETC. (IMPRINT)
Place of publication, distribution, etc Hoboken:
Name of publisher, distributor, etc John wiley,
Date of publication, distribution, etc 2007
300 ## - PHYSICAL DESCRIPTION
Extent 230 p.
546 ## - LANGUAGE NOTE
Language note en
650 ## - SUBJECT ADDED ENTRY--TOPICAL TERM
Topical term or geographic name as entry element Rope skipping
942 ## - ADDED ENTRY ELEMENTS (KOHA)
Koha item type Books
Holdings
Withdrawn status Lost status Damaged status Home library Current library Date acquired Full call number Barcode Date last seen Price effective from Koha item type
      UMT Main Campus UMT Main Campus 2017-01-24 613.710284 WIN-R 105094 2017-01-24 2017-01-24 Books